书目信息 |
| 题名: |
中国摄影家丛书
|
|
| 作者: | 李媚 , 阮义忠 主编 ;周海 摄 | |
| 分册: | 周海 | |
| 出版信息: | 北京 工人出版社 2004.01 |
|
| 页数: | 1册 | |
| 开本: | 19cm | |
| 丛书名: | ||
| 单 册: | ||
| 中图分类: | J421 | |
| 科图分类: | ||
| 主题词: | 摄影集--she ying ji--中国--现代 | |
| 电子资源: | ||
| ISBN: | 7-5008-3225-7 | |
| 000 | 01046nam0 2200289 450 | |
| 001 | 012008669390 | |
| 005 | 20080322134250.93 | |
| 010 | @a7-5008-3225-7@dCNY30.00 | |
| 100 | @a20080321d2004 km y0chiy0120 ea | |
| 101 | 0 | @achi |
| 102 | @aCN@b110000 | |
| 105 | @aa z 000y | |
| 106 | @ar | |
| 200 | 1 | @a中国摄影家丛书@Azhong guo she ying jia cong shu@i周海@f李媚, 阮义忠主编@Fli mei,ruan yi zhong zhu bian@g[周海摄]@G[zhou hai she] |
| 210 | @a北京@c工人出版社@d2004.01 | |
| 215 | @a1册@c图@d19cm | |
| 312 | @a并列题名取自封底。 | |
| 330 | @a此摄影作品想“让更多的人关注到隐藏在工业背后的一面,产注到工人们的劳动和生存”。也就是说,他的影像想要言说的是“工业”这个抽象词汇背后的具体性与丰富内容。 | |
| 510 | 1 | @aChinese Photographer Series@iZhou Hai@zeng |
| 517 | 1 | @a周海@Azhou hai |
| 606 | 0 | @a摄影集@Ashe ying ji@y中国@z现代 |
| 690 | @aJ421@v4 | |
| 701 | 0 | @a李媚@Ali mei@4主编 |
| 701 | 0 | @a阮义忠@Aruan yi zhong@4主编 |
| 702 | 0 | @a周海@Azhou hai@4摄 |
| 801 | 0 | @aCN@bQSSK@c20080322 |
| 905 | @b20289213-15@dJ421@eL123@f3 | |
| 中国摄影家丛书.周海/李媚, 阮义忠主编/[周海摄].-北京:工人出版社,2004.01 |
| 1册:图;19cm |
| ISBN 7-5008-3225-7:CNY30.00 |
| 此摄影作品想“让更多的人关注到隐藏在工业背后的一面,产注到工人们的劳动和生存”。也就是说,他的影像想要言说的是“工业”这个抽象词汇背后的具体性与丰富内容。 |
| ● |
| 相关链接 |
|
|
|
正题名:中国摄影家丛书
索取号:J421/L123
 
预约/预借
| 序号 | 登录号 | 条形码 | 馆藏地/架位号 | 状态 | 备注 |
| 1 | 289213 | 202892138 | 社科库309/309社科库 84排4列1层/ [索取号:J421/L123] | 在馆 | |
| 2 | 289214 | 202892147 | 社科库309/309社科库 84排4列1层/ [索取号:J421/L123] | 在馆 | |
| 3 | 289215 | 202892156 | 社科库309/309社科库 84排4列1层/ [索取号:J421/L123] | 在馆 |